Fundamentals of earthquake-resistant construction / (Record no. 13584)

000 -LEADER
fixed length control field 00615pam a2200193 a 4500
020 ## - INTERNATIONAL STANDARD BOOK NUMBER
ISBN 0471839817 (cloth)
040 ## - CATALOGING SOURCE
Transcribing agency DLC
082 00 - DEWEY DECIMAL CLASSIFICATION NUMBER
Classification number 624 WIL 1993 A047 Or.
100 1# - MAIN ENTRY--AUTHOR NAME
Personal name Krinitzsky, E. L.
245 10 - TITLE STATEMENT
Title Fundamentals of earthquake-resistant construction /
260 ## - PUBLICATION, DISTRIBUTION, ETC. (IMPRINT)
Place of publication New York :
Name of publisher Wiley,
Year of publication c1993.
300 ## - PHYSICAL DESCRIPTION
Number of Pages xxiii, 299 p. :
Other physical details ill. ;
Dimensions 25 cm.
650 #0 - SUBJECT ADDED ENTRY--TOPICAL TERM
Topical Term Earthquake resistant design.
700 1# - ADDED ENTRY--PERSONAL NAME
Personal name Gould, James P.
700 1# - ADDED ENTRY--PERSONAL NAME
Personal name Edinger, Peter H.
856 42 - ELECTRONIC LOCATION AND ACCESS
Uniform Resource Identifier http://www.loc.gov/catdir/description/wiley031/92020059.html
856 4# - ELECTRONIC LOCATION AND ACCESS
Uniform Resource Identifier http://www.loc.gov/catdir/toc/onix01/92020059.html
942 ## - ADDED ENTRY ELEMENTS (KOHA)
Koha item type សៀវភៅភាសាអង់គ្លេស
952 ## - LOCATION AND ITEM INFORMATION (KOHA)
Withdrawn status [LOCAL, KOHA] 0
952 ## - LOCATION AND ITEM INFORMATION (KOHA)
Withdrawn status [LOCAL, KOHA] 0
Holdings
Permanent Location Date acquired Koha item type Lost status Shelving location Barcode Current Location Full call number
Library Block A2017-08-28សៀវភៅភាសាអង់គ្លេស A047A20352Library Block A624 WIL 1993 A047 Or.
Library Block A2018-01-19សៀវភៅភាសាអង់គ្លេស A105A23525Library Block A624 WIL 1993 A105 Or.
មជ្ឈមណ្ឌលឯការនៃសាកលវិទ្យាល័យភូមិន្ទកសិកម្មចំការដូង

Powered by Koha